Catálogo público

Sweetpotatoes: Producction, Processing, Marketing / (Record no. 172463)

MARC details
000 -CABECERA
campo de control de longitud fija 00829nam a2200241Ia 4500
001 - NÚMERO DE CONTROL
campo de control dia_1927
003 - IDENTIFICADOR DEL NÚMERO DE CONTROL
campo de control CHAP
005 - FECHA Y HORA DE LA ÚLTIMA TRANSACCIÓN
campo de control 20230427134603.0
008 - DATOS DE LONGITUD FIJA--INFORMACIÓN GENERAL
campo de control de longitud fija 220117s1971 xx 000 0 und d
010 ## - NÚMERO DE CONTROL DE LA BIBLIOTECA DEL CONGRESO
Número de control de LC 172463
040 ## - FUENTE DE LA CATALOGACIÓN
Centro/agencia transcriptor CHAP
082 ## - NÚMERO DE LA CLASIFICACIÓN DECIMAL DEWEY
Número de clasificación 633.492 E34
100 ## - ENTRADA PRINCIPAL--NOMBRE DE PERSONA
Nombre de persona Edmond, J.B.
9 (RLIN) 35386
245 ## - MENCIÓN DE TÍTULO
Título Sweetpotatoes: Producction, Processing, Marketing /
Mención de responsabilidad, etc. by Edmond and G.R.Ammerman
260 ## - PUBLICACIÓN, DISTRIBUCIÓN, ETC.
Lugar de publicación, distribución, etc. Westport, Conecticut :
Nombre del editor, distribuidor, etc. the Avi Publishing. CO.,
Fecha de publicación, distribución, etc. 1971
300 ## - DESCRIPCIÓN FÍSICA
Extensión 334 p.
400 ## - MENCIÓN DE SERIE/PUNTO DE ACCESO ADICIONAL--NOMBRE DE PERSONA [OBSOLETO, CAN/MARC], [LOCAL, USA]
Nombre de persona MAJOR TEED AND FOOD CROPS IN AGRICULTURE AND FOOD SERIES
600 ## - PUNTO DE ACCESO ADICIONAL DE MATERIA--NOMBRE DE PERSONA
Nombre de persona 1.Patata/ 2.Papata-enlatado/ 3.Patata-deshidratación/ 4.Patata-industrialización. I. Ammerman, R. II. t.
9 (RLIN) 151851
901 ## - ELEMENTOS DE DATOS A LOCAL LDA (RLIN)
a 633.492 E34
902 ## - ELEMENTOS DE DATOS B LOCAL, LDB (RLIN)
a M
905 ## - ELEMENTOS DE DATOS E LOCAL, LDE (RLIN)
a 0000001971 CONX 0000000000ING00
942 ## - ELEMENTOS DE PUNTO DE ACCESO ADICIONAL (KOHA)
Tipo de ítem Koha Libro
Fuente del sistema de clasificación o colocación Dewey Decimal Classification
Holdings
Estado de retiro Estado de pérdida Fuente del sistema de clasificación o colocación Estado dañado Restricciones de uso No para préstamo Código de colección Localización permanente Ubicación/localización actual Fuente de adquisición Total de préstamos Signatura topográfica completa Código de barras Fecha visto por última vez Número de copia Tipo de ítem Koha
    Dewey Decimal Classification   Préstamo interno   General Ingenieria Agroindustrial Ingenieria Agroindustrial Compra Vale 292   633.492 E34 dia_787 18/01/2022 Ej. 1 Libro